Ecosystem sustainability and health : a practical approach

Αποθηκεύτηκε σε:
Λεπτομέρειες βιβλιογραφικής εγγραφής
Κύριος συγγραφέας: Waltner-Toews, David 1948- (Συγγραφέας)
Μορφή: Βιβλίο
Γλώσσα:English
Δημοσίευση: Cambridge : Cambridge University Press, c2004.
Θέματα:
Ετικέτες: Προσθήκη ετικέτας
Δεν υπάρχουν, Καταχωρήστε ετικέτα πρώτοι!

MARC

LEADER 00000cam a2200000 a 4500
001 1/111359
008 160715s2004####uk | ||| |||| ||eng||
020 |a 0521531853   |q (χαρτόδετο)  
040 |a GR-MyUa  |b gre  |c GR-MyUa  |e AACR2 
041 0 |a eng 
082 7 |a 333.9516   |2 (23)  
100 1 |a Waltner-Toews, David   |d 1948-  |e aut 
245 1 0 |a Ecosystem sustainability and health :   |b a practical approach /   |c David Waltner-Toews.  
260 |a Cambridge :   |b Cambridge University Press,   |c c2004.  
300 |a xi, 138 σ. :   |b πίν., σχ. ;   |c 25 εκ.  
504 |a Περιλαμβάνει βιβλιογραφία και ευρετήριο.  
650 0 |a Ecosystem management. 
650 0 |a Environmental health. 
852 |a INST  |b LEMNOS  |e 20160715  |h 333.9516 WAL  |p 005600001773  |q 005600001773  |t BK  |y 0 
922 |a 6ΕΛΗ  |b 2016-06  |c ΤΑΚ/ΤΕΤΔ  |d Bookpath 
970 |a Μοσχόβη  |b Ευαγγελία  |z 15-07-2016